[Event "Oberliga Nord N 1415"]
[Site "Germany"]
[Date "2014.09.21"]
[Round "1.4"]
[White "Hess, Christian"]
[Black "Grahl, Arvid"]
[Result "1/2-1/2"]
[WhiteElo "2208"]
[BlackElo "2198"]
[PlyCount "41"]
[EventDate "2014.09.21"]
[EventType "team-tourn"]
[EventRounds "9"]
[EventCountry "GER"]
[SourceTitle "EXT 2016"]
[Source "ChessBase"]
[SourceDate "2015.10.08"]
[SourceVersion "1"]
[SourceVersionDate "2015.10.08"]
[SourceQuality "1"]
[WhiteTeam "Hamburg Koenigsspringer"]
[BlackTeam "Schwerin II"]
[WhiteTeamCountry "GER"]
[BlackTeamCountry "GER"]

1. Nf3 c5 2. b3 Nc6 3. Bb2 d5 4. e3 e6 5. Bb5 Bd7 6. 0-0 Nf6 7. d3 Be7 8. Nbd2 0-0 9. Qe2 Rc8 10. Bxc6 Bxc6 11. Ne5 Nd7 12. Nxc6 Rxc6 13. c4 Bf6 14. Nf3 Qc7 15. Bxf6 Nxf6 16. Qb2 dxc4 17. bxc4 Rd8 18. Rfd1 Rcd6 19. Qc2 Nd7 20. Qc3 Nb8 21. Rab1 1/2-1/2

[Event "Oberliga Nord N 1314"]
[Site "Germany"]
[Date "2013.12.15"]
[Round "4.7"]
[White "Grahl, Arvid"]
[Black "Groetzbach, Julian"]
[Result "0-1"]
[WhiteElo "2215"]
[BlackElo "2130"]
[PlyCount "86"]
[EventDate "2013.10.13"]
[EventType "team-tourn"]
[EventRounds "9"]
[EventCountry "GER"]
[SourceTitle "EXT 2015"]
[Source "ChessBase"]
[SourceDate "2014.11.20"]
[SourceVersion "1"]
[SourceVersionDate "2014.11.20"]
[SourceQuality "1"]
[WhiteTeam "Schwerin"]
[BlackTeam "Hamburger SK III"]
[WhiteTeamCountry "GER"]
[BlackTeamCountry "GER"]

1. d4 d5 2. c4 c6 3. Nf3 Nf6 4. Qc2 g6 5. Bf4 Bg7 6. e3 0-0 7. Nc3 c5 8. cxd5 cxd4 9. exd4 Nxd5 10. Nxd5 Qxd5 11. Bc4 Qa5+ 12. Bd2 Qh5 13. 0-0 Nc6 14. Bc3 Bg4 15. Be2 Qd5 16. Rfd1 Rfd8 17. h3 Bf5 18. Qa4 a6 19. Bc4 Bc2 20. Qxc2 Qxc4 21. b3 Qd5 22. Rd2 Rac8 23. Qd1 e6 24. Rc1 Bh6 25. Rcc2 Bxd2 26. Rxd2 b5 27. Qe2 Qf5 28. Qe3 Ne7 29. Ba5 Rd7 30. Ne5 Nd5 31. Qg3 Rb7 32. Ng4 Rc1+ 33. Kh2 Qf4 34. Re2 Qxg3+ 35. Kxg3 b4 36. Bd8 Kg7 37. Bg5 Rc3+ 38. f3 h5 39. Nf2 Rbc7 40. Ne4 Rc2 41. Re1 f6 42. Bf4 h4+ 43. Kg4 Rxg2+ 0-1